000 00763nam a2200277 i 4500
001 C2-0329678
003 PPAK
005 20180728130703.0
008 150121s1996 my a|||| ||||| | eng d
020 _a9838431567
040 _aPPAK
_beng
_cPPAK
_erda
082 0 4 _a398.2
_223
090 0 0 _a398.2
_bXAV
_dK
100 1 _aXavier, Matilda,
_eauthor
245 1 0 _aClever Grethel
264 1 _aKuala Lumpur :
_bSyarikat Makmur Enterprais ,
_c1996
300 _a23 pages :
_bcolour illustrations ;
_c21 cm
336 _2rdacontent
_atext
337 _2rdamedia
_aunmediated
338 _2rdacarrier
_avolume
490 1 _aFolk Tales and Fairy Tales
500 _aQuestions
650 1 0 _aTales.
830 0 _aFolk Tales and Fairy Tales
942 _ddc
_cB
999 _c128868
_d128868